00688nam a2200181 a 4500008004100000020001500041050001700056100002400073245007600097260002800173300002200201350000900223650002100232650001100253995009300264999001700357952013200374120416s2005 ||||||||||||||||| || u a0849323533 aQK 711.2 Pla aTurnbull, Colin G.N10aPlant architecture and its manipulationcedited by Colin G. N. Turnbull aOxfordbBlackwellc2005 axii, 322p. : ill. a0.00 aPLANT PHYSIOLOGY aPLANTS D0.00FCBU-MAIN LIBRARY (Kitwe)H1I35.00UAVAILABLEZMain Library Open Access Collection c53732d53732 00102lcc4070a001b001cMain Library Open Access Collectiond2022-11-30l0oQK 711.2 Plap40040r2022-11-30w2022-11-30y002